00986nam a2200217 a 4500001001000000003000500010005001700015008004100032010001100073011001100084040000900095100002900104245021300133260004100346500006000387502010400447650005500551650003100606650006100637856007000698000113534CHAP20220329144400.0170801s2016 mx sm |||||||spa d a109995 a110967 cCHAP1 aGallegos Ginori, Ricardo13aLa importancia de la producción de carne bovina en el ingreso de los productores de los ejidos de San Carlos y San Antonio Coapa Municipio de Morelia, Michoacánh[En línea]cpor Ricardo Gallegos Ginori. aChapingo, Méx. :bEl autor,c2016. aPara ver el contenido del material haga clic en la liga aTesis (M.C. en Desarrollo Rural Regional) -- UACH. Dirección de Centros Regionales Universitarios14aGanado de carnexAspectos economicoszMichoacán.14aGanado de carnexMercadeo.14aGanado vacunoxProducciónxAspectos socioeconómicos. aFinding aiduhttp://10.13.5.2/tesis/sist113534.pdfzTeclea aquí